Infiunce ofprimary productivity in pond within two types sustrates in fish culture on fish farm, ឥទ្ធិពលនៃការផលិតផលភាពបឋមក្នុងស្រះ ដោយមានដាក់សម្រាស់ពីរប្រភេទផ្សេងៗគ្នាក្នុងការចិញ្ចឹមត្រីនៅកសិដ្ឋាន មហាវិទ្យាល័យ វិទ្យាសាស្រ្តជលផល (Record no. 4047)
[ view plain ]
| 000 -LEADER | |
|---|---|
| fixed length control field | 00852nam a22001577a 4500 |
| 003 - CONTROL NUMBER IDENTIFIER | |
| control field | OSt |
| 005 - DATE AND TIME OF LATEST TRANSACTION | |
| control field | 20151205093145.0 |
| 008 - FIXED-LENGTH DATA ELEMENTS--GENERAL INFORMATION | |
| fixed length control field | 151205b xxu||||| |||| 00| 0 eng d |
| 040 ## - CATALOGING SOURCE | |
| Transcribing agency | RUA |
| 082 ## - DEWEY DECIMAL CLASSIFICATION NUMBER | |
| Classification number | FIS IEN 2012 B184 Or.1 |
| 100 ## - MAIN ENTRY--PERSONAL NAME | |
| 9 (RLIN) | 4335 |
| Personal name | IENG, SOKHLIENG. |
| 245 ## - TITLE STATEMENT | |
| Title | Infiunce ofprimary productivity in pond within two types sustrates in fish culture on fish farm, ឥទ្ធិពលនៃការផលិតផលភាពបឋមក្នុងស្រះ ដោយមានដាក់សម្រាស់ពីរប្រភេទផ្សេងៗគ្នាក្នុងការចិញ្ចឹមត្រីនៅកសិដ្ឋាន មហាវិទ្យាល័យ វិទ្យាសាស្រ្តជលផល |
| 260 ## - PUBLICATION, DISTRIBUTION, ETC. (IMPRINT) | |
| Place of publication, distribution, etc. | Phnom Penh |
| Name of publisher, distributor, etc. | RUA |
| Date of publication, distribution, etc. | 2012 |
| 300 ## - PHYSICAL DESCRIPTION | |
| Extent | ix; 28P. |
| Other physical details | ill. |
| Dimensions | 29cm. |
| 942 ## - ADDED ENTRY ELEMENTS (KOHA) | |
| Source of classification or shelving scheme | |
| Koha item type | FIS |
| Price effective from | Date last seen | Permanent Location | Not for loan | Date acquired | Source of classification or shelving scheme | Koha item type | Lost status | Withdrawn status | Date last checked out | Total Checkouts | Shelving location | Damaged status | Barcode | Current Location | Full call number |
|---|---|---|---|---|---|---|---|---|---|---|---|---|---|---|---|
| 2015-12-05 | 2015-12-05 | Library Block B | 2015-12-05 | FIS | B184 | RUA037520 | Library Block B | FIS IEN 2012 B184 Or.1 | |||||||
| 2015-12-05 | 2015-12-05 | Library Block B | 2015-12-05 | FIS | B184 | RUA037160 | Library Block B | FIS IEN 2012 B184 Or.2 | |||||||
| 2015-12-05 | 2015-12-05 | Library Block B | 2015-12-05 | FIS | B184 | RUA037100 | Library Block B | FIS IEN 2012 B184 Or.3 | |||||||
| 2015-12-05 | 2015-12-05 | Library Block B | 2015-12-05 | FIS | B184 | RUA036912 | Library Block B | FIS IEN 2012 B184 Or.4 | |||||||
| 2015-12-05 | 2018-08-03 | Library Block B | 2015-12-05 | FIS | 2018-07-24 | 1 | B184 | RUA037817 | Library Block B | FIS IEN 2012 B184 Or.5 | |||||
| 2015-12-05 | 2015-12-05 | Library Block B | 2015-12-05 | FIS | B184 | RUA027327 | Library Block B | FIS IEN 2012 B184 Or.6 |